000 01322nam a2200373 i 4500
001 43772
003 KOSZ 005
005 20190920090559.0
008 040227s2003 pl f |000 0 pol d
020 _a8388673181
040 _cKOSZ 005
_aKOSZ 005
_dKOSZ 005/HR
041 0 _apol
046 _k2003
080 _a352/353
080 _a(03)
100 1 _aBrunka, Mariusz
_eAutor
245 1 0 _aSłownik samorządu terytorialnego /
_cMariusz Brunka, Bronisław Kumorek, Elżbieta Łuczak-Kumorek ; pod red. Bronisława Kumorka.
250 _aStan prawny na dzień 20 października 2003 r.
260 _aZielona Góra :
_bZachodnie Centrum Organizacji,
_c2003.
300 _a480 s. ;
_c24 cm.
336 _2rdacontent
_aTekst
_btxt
337 _2rdamedia
_aBez urządzenia pośredniczącego
_bn
338 _2rdacarrier
_aWolumin
_bnc
380 _aKsiążki
388 _a2001-
504 _aBibliogr., wykaz aktów prawnych.
650 7 _aSamorząd terytorialny
655 _aEncyklopedia
658 _aPolityka, politologia, administracja publiczna
700 1 _aKumorek, Bronisław
_eAutor
700 1 _aŁuczak-Kumorek, Elżbieta
_eAutor
856 _uhttp://koha.tu.koszalin.pl/cgi-bin/koha/opac-detail.pl?biblionumber=43772
_yKatalog online BPK
942 _cKS
_2UKD
999 _c43772
_d43772